| 000 | 00589cam a2200217 4500 | ||
|---|---|---|---|
| 008 | 090401t1982 xxu||||| |||| 00| 0 eng d | ||
| 020 | _a0711456747 | ||
| 035 | _a(Sirsi) u47881 | ||
| 041 | _aeng | ||
| 050 | _a692.3 | ||
| 100 | _aMurray, Stewart | ||
| 245 | _aConcrete work | ||
| 260 |
_aLondon _bGeorge Godwin _c1982 |
||
| 300 | _axii,177p. : ill. ; 24cm. | ||
| 350 | _a9.5 | ||
| 490 |
_aSMM6 Practice Handbooks Section _vF |
||
| 650 |
_aMeasurement _96256 |
||
| 650 | _aBUILT ENVIRONMENT-QUANTITY SURVEYING-STANDARD METHOD OF MEASUREMENT | ||
| 942 | _n0 | ||
| 948 | _c04/03/1997 | ||
| 999 |
_c92235 _d92235 |
||